Die 15 stärksten Volkswirtschaften SUDDEN DEATH - Statistiken

Allgemein
  • Dieses Quiz wurde 139 mal gespielt
  • Das Durchschnittsergebnis liegt bei 9 aus 15
Answers on the Grid
Answers color-coded by a green-red scale on the quiz's grid according to % correct below.
Mexiko
Israel
Südkorea
Polen
Japan
Indien
Spanien
Brasilien
Kanada
Vietnam
Chile
Indonesien
Italien
Tschechien
Thailand
USA
China
Saudi Arabien
Russland
Frankreich
Türkei
Australien
Deutschland
Pakistan
Vereinigtes Königreich
Ägypten
Iran
Island
 
Antwortstatistiken
Antwort % Korrekt
19.40 Bio.$ China
84%
30.62 Bio.$ USA
84%
5.01 Bio.$ Deutschland
82%
4.28 Bio.$ Japan
82%
3.96 Bio.$ Vereinigtes Königreich
76%
3.36 Bio.$ Frankreich
74%
2.54 Bio.$ Russland
64%
4.13 Bio.$ Indien
62%
1.86 Bio.$ Südkorea
57%
2.26 Bio.$ Brasilien
54%
2.54 Bio.$ Italien
47%
2.28 Bio.$ Kanada
39%
1.89 Bio.$ Spanien
32%
1.83 Bio.$ Australien
25%
1.86 Bio.$ Mexiko
24%
Keine übereinstimmenden Quizze gefunden
Verteilung der Resultate
Anzahl Personen mit jedem Resultat
Perzentil nach korrekt beantworteten Fragen
Ihre Resultats-Entwicklung
Sie haben dieses Quiz noch nicht gespielt